| 000 | 00341nam a2200133Ia 4500 | ||
|---|---|---|---|
| 008 | 220613s9999||||xx |||||||||||||| ||und|| | ||
| 100 | _aMichael I Baggish | ||
| 245 | 0 | _aColpocopy of The Cervix Vagina And Vulva A Comprehensive Text Book | |
| 250 | _a1st(2003) | ||
| 260 | _bMosby | ||
| 300 | _a365 | ||
| 650 | _aObs & Gyne | ||
| 942 | _cSURG | ||
| 999 |
_c10206 _d10206 |
||